| 000 | 00328nam a22001217a 4500 | ||
|---|---|---|---|
| 008 | 230621b xxu||||| |||| 00| 0 eng d | ||
| 082 |
_a328 _bMIR |
||
| 100 | _cOkumba Miruka | ||
| 245 | _aParliamentary Survey Final Report September 2004 | ||
| 260 |
_aKenya _bFederation of Women Lawyers _c2004 |
||
| 300 | _a72p | ||
| 942 |
_2ddc _cBK |
||
| 999 |
_c1968 _d1968 |
||